| 000 | 00364nam a2200121Ia 4500 | ||
|---|---|---|---|
| 008 | 220901s9999||||xx |||||||||||||| ||und|| | ||
| 082 | _a505 GAJ | ||
| 100 | _aGajendran, Natarajan | ||
| 245 | 0 | _aIndian journal of science and technology | |
| 250 | _aVol. 8 Issue No. 4, 5 & 6 | ||
| 260 |
_bIndian Society of Education and Environment _c2015 |
||
| 650 | _aHumanities | ||
| 999 |
_c194046 _d194046 |
||